| 000 | 00704nam a2200229Ia 4500 | ||
|---|---|---|---|
| 003 | OSt | ||
| 005 | 20220923220916.0 | ||
| 006 | a|||||r|||| 00| 0 | ||
| 007 | ta | ||
| 008 | 220922b |||||||| |||| 00| 0 hin d | ||
| 024 | _a192,086 | ||
| 037 | _cTextual | ||
| 040 |
_aARTS _cARTS _bhin |
||
| 041 |
_2hin _ahin |
||
| 082 | _aSM95xM56, 152K3 | ||
| 100 |
_aजोशी, मोहन चन्द्र; जोशी, मीरा _9164792 |
||
| 245 | 0 | _aफ्रपाइडवाद | |
| 246 | _aFrapāiḍavāda | ||
| 260 | _c1963 | ||
| 942 |
_hSM95xM56, 152K3 _cTEXL _2CC |
||
| 999 |
_c344730 _d344730 |
||